000 00589nam a2200205 a 4500
001 000020658
005 20200930011137.0
008 100812s2019 dr 000 f spa d
020 _a9789945177954
040 _aDO-SdBNP
_cBNPHU
082 _axxxx
_bH181n
100 1 _aHallal, Farah,
_d1975-
_943403
245 1 0 _aNúmero ocho /
_cFarah Hallal.
260 _aSanto Domingo :
_bSM,
_c2019.
300 _a220 p. ;
_c19 cm.
490 1 _aBarco de Vapor
_v24
500 _aIncluye datos biográficos de la autora
590 _aInventariado, 2020 /LP
830 0 _aBarco de Vapor
_v24
_943404
999 _c20162
_d20162